000 00326nam a2200133Ia 4500
008 230411s9999 xx 000 0 und d
041 _aeng
082 _aF/610.7309/RAO/B04408
100 _aRao Grace
245 _aHistory of Nursing
260 _bN R Brothers
_aIndore
_c1993
300 _a116p
999 _c155076
_d155076